=LDR 00000nam 2200000 4500 =001 INLIS000000000009165 =005 20130612101002 =008 ***********************************Ind** =035 ##$$0010-061300000009165 =041 ##$$a Ind =082 ##$$a 070.4 =090 ##$$a 070.4, Les-d =100 ##$$a Lesmana, Tjipta =245 ##$$a 20 tahun kanpos, profil pers Indonesia dewasa ini, Tjipta Lesmana =260 ##$$a 1985 $b Jakarta =300 ##$$a vi, 275 hlm, 21 cm; =650 ##$$a jurnalisme =850 ##$$a NBPNMAT